Online
Catalog

Son guerras y amores poema de Freddy Gatón Arce / (Record no. 8894)

MARC details
000 -CABECERA
campo de control de longitud fija 00838nam a2200241 a 4500
001 - NÚMERO DE CONTROL
campo de control 000009130
003 - IDENTIFICADOR DEL NÚMERO DE CONTROL
campo de control DO-SdBNP
005 - FECHA Y HORA DE LA ÚLTIMA TRANSACCIÓN
campo de control 20250129121827.0
008 - DATOS DE LONGITUD FIJA--INFORMACIÓN GENERAL
campo de control de longitud fija 090928s1980 dr a r 000 p spa d
040 ## - FUENTE DE LA CATALOGACIÓN
Centro catalogador/agencia de origen DO-SdBNP
Lengua de catalogación spa
Centro/agencia transcriptor BNPHU
082 ## - NÚMERO DE LA CLASIFICACIÓN DECIMAL DEWEY
Número de clasificación RD861.44
Número de documento/Ítem G261s
100 1# - ENTRADA PRINCIPAL--NOMBRE DE PERSONA
Nombre de persona Gatón Arce, Freddy,
Fechas asociadas al nombre 1920-1994
9 (RLIN) 7946
245 10 - MENCIÓN DE TÍTULO
Título Son guerras y amores poema de Freddy Gatón Arce /
Mención de responsabilidad, etc. Freddy Gatón Arce ; prólogo Ramón Francisco.
260 ## - PUBLICACIÓN, DISTRIBUCIÓN, ETC.
Lugar de publicación, distribución, etc. Santo Domingo :
Nombre del editor, distribuidor, etc. Taller,
Fecha de publicación, distribución, etc. 1980.
300 ## - DESCRIPCIÓN FÍSICA
Extensión 107 p. :
Otras características físicas il. ;
Dimensiones 27 cm.
590 ## - NOTA LOCAL (RLIN)
Nota local Inventariado, 2018/BT
600 10 - PUNTO DE ACCESO ADICIONAL DE MATERIA--NOMBRE DE PERSONA
Nombre de persona Gatón Arce, Freddy,
Fechas asociadas al nombre 1920-1994
Subdivisión general Crítica e interpretación
9 (RLIN) 7946
650 #4 - PUNTO DE ACCESO ADICIONAL DE MATERIA--TÉRMINO DE MATERIA
Término de materia o nombre geográfico como elemento de entrada Poesía dominicana
9 (RLIN) 66
650 #0 - PUNTO DE ACCESO ADICIONAL DE MATERIA--TÉRMINO DE MATERIA
Término de materia o nombre geográfico como elemento de entrada Literatura dominicana.
9 (RLIN) 67
700 12 - PUNTO DE ACCESO ADICIONAL--NOMBRE DE PERSONA
Nombre de persona Francisco, Ramón,
Fechas asociadas al nombre pról.
9 (RLIN) 23792
910 ## - DATOS DE OPCIÓN DEL USUARIO (OCLC)
Datos de opción del usuario Validado. Control de calidad. MMOLINA
942 ## - ELEMENTOS DE PUNTO DE ACCESO ADICIONAL (KOHA)
Fuente del sistema de clasificación o colocación Dewey Decimal Classification
Tipo de ítem Koha Libro
Holdings
Estado de retiro Estado de pérdida Fuente del sistema de clasificación o colocación Restricciones de uso No para préstamo Código de colección Localización permanente Ubicación/localización actual Ubicación en estantería Fecha de adquisición Número de inventario Total de préstamos Signatura topográfica completa Código de barras Fecha visto por última vez Número de copia Precio válido a partir de Tipo de ítem Koha Nota pública
    Dewey Decimal Classification Préstamo en sala   Dominicana de Servicio Biblioteca Nacional Pedro Henríquez Ureña General Depósito 07.10.2009 LF1   BNPHU DS RD861.44 G261s 9130-30 25.06.2020 e.3 25.06.2020 Libro y Folleto Colección Dominicana de Servicio  
          Dominicana de Servicio General General Depósito 07.10.2009 LF1   RD861.44 G261s 9130-40 25.06.2020 e.4 25.06.2020 Libro y Folleto Colección Dominicana de Servicio  
          Dominicana de Servicio General General Depósito 04.08.2011 LF1   RD861.44 G261s 9130-50 25.06.2020 e.5 25.06.2020 Libro y Folleto Colección Dominicana de Servicio  
        Excluido de préstamo Patrimonio Dominicano Patrimonio Dominicano Patrimonio Dominicano Depósito 28.09.2009 LF1   RD861.44 G261s 9130-10 25.06.2020   25.06.2020 Libro y Folleto Colección Patrimonio Dominicano Perteneció a la biblioteca personal de Aída Cartagena Portalatín.
        Excluido de préstamo Patrimonio Dominicano Patrimonio Dominicano Patrimonio Dominicano Depósito 28.09.2009 LF1   RD861.44 G261s 9130-20 25.06.2020 e.2 25.06.2020 Libro y Folleto Colección Patrimonio Dominicano  

Powered by Koha